US Top Universities with a Map - Statistics

General Stats
  • This quiz has been taken 202 times
  • The average score is 33 of 50
Answers on the Map
Answers color-coded by a green-red scale on the quiz's map according to % correct below.
 
Answer Stats
Answer % Correct
3 Harvard
94%
15 (t) UCLA
90%
5 Yale
90%
4 Stanford
88%
13 (t) Brown
84%
2 MIT
83%
1 Princeton
83%
15 (t) Dartmouth
79%
13 (t) Columbia
78%
6 (t) Duke
78%
11 (t) Cornell
77%
46 (t) University of Washington
77%
30 (t) NYU
76%
6 (t) CalTech
74%
46 (t) University of Georgia
74%
27 (t) USC
73%
6 (t) Northwestern
72%
21 (t) UMichigan: Ann Arbor
72%
21 (t) Washington (St. Louis)
72%
10 UPenn
70%
18 (t) Vanderbilt
70%
27 (t) UNC: Chapel Hill
68%
33 (t) Georgia IT
67%
6 (t) John Hopkins
67%
41 (t) Ohio State
67%
18 (t) Rice
67%
17 UCBerkley
66%
24 (t) UVirginia
66%
24 (t) Georgetown
65%
11 (t) UChicago
63%
30 (t) UFlorida
62%
39 (t) UWisconsin: Madison
61%
18 (t) Notre Dame
60%
29 UC: San Diego
60%
33 (t) UCIrvine
59%
37 (t) Boston College
58%
46 (t) Purdue
57%
30 (t) UTexas: Austin
57%
39 (t) UCSanta Barbara
56%
33 (t) UCDavis
55%
41 (t) Boston University
54%
21 (t) Carnegie Mellon
54%
41 (t) Rutgers
54%
24 (t) Emory
48%
33 (t) UIllinois Urbana-Champaign
48%
44 (t) University of Rochester
48%
46 (t) Wake Forest
48%
44 (t) University of Maryland
38%
37 (t) Tufts
37%
46 (t) Lehigh University
30%
No matching quizzes found
Score Distribution
Percent of People with Each Score
Percentile by Number Answered
Your Score History
You have not taken this quiz